| 000 | 00379nam a2200121Ia 4500 | ||
|---|---|---|---|
| 008 | 220204s9999 xx 000 0 und d | ||
| 082 |
_aNR:63ASR _bRRM.7;2 |
||
| 100 | _aAriffin Bin Mohd Nor | ||
| 245 | 0 | _aStudy to develop a rational land use policy for rubber and oil palm planting | |
| 260 |
_aMalaysia _bRRIM _c1979 |
||
| 490 | _a Agricultural Series Report.No. 7 | ||
| 942 | _cBK | ||
| 999 |
_c40165 _d40165 |
||